Danh thắng và kiến trúc Đông Nam á

Kaydedildi:
Detaylı Bibliyografya
Yazar: Ngô Văn Doanh
Materyal Türü: Kitap
Dil:Undetermined
Baskı/Yayın Bilgisi: Hà Nội VHTT 1998
Konular:
Etiketler: Etiketle
Etiket eklenmemiş, İlk siz ekleyin!
Thư viện lưu trữ: Trung tâm Học liệu Trường Đại học Cần Thơ
LEADER 00555nam a2200193Ia 4500
001 CTU_24607
008 210402s9999 xx 000 0 und d
020 |b 46,000đ 
082 |a 720.954 
082 |b D408 
100 |a Ngô Văn Doanh 
245 0 |a Danh thắng và kiến trúc Đông Nam á 
245 0 |c Ngô Văn Doanh 
260 |a Hà Nội 
260 |b VHTT 
260 |c 1998 
650 |a architecture - southest asia,indian architecture 
904 |i Minh, 980811 
980 |a Trung tâm Học liệu Trường Đại học Cần Thơ